• Ejzenstejn Sergej Michailovic

di Personal Name

Records bibliografici associati: 1

001 - CONTROL NUMBER

  • control field: 43229

003 - CONTROL NUMBER IDENTIFIER

  • control field: IT-RoPau

005 - DATE AND TIME OF LATEST TRANSACTION

  • control field: 20151127102816.0

008 - FIXED-LENGTH DATA ELEMENTS

  • fixed length control field: 151127|| aca||aabn | a|a d

040 ## - CATALOGING SOURCE

  • Original cataloging agency: IT-RoPau
  • Transcribing agency: IT-RoPau

100 ## - HEADING--PERSONAL NAME

  • Personal name: Ejzenstejn Sergej Michailovic
  • Miscellaneous information: Codice regista SPICS: 6988

670 ## - SOURCE DATA FOUND

  • Source citation: Work cat.: (IT-RoPau)105762: Ejzenstejn Sergej Michailovic Codice regista SPICS: 6988, QUE VIVA MEXICO! QUE VIVA MEXICO! (Rif. Codice opera principale : 48291)
CREDITS: SOCIETA' SAN PAOLO Via A.Severo, 58 - ROMA (RM) & PERIODICI SAN PAOLO SRL Via Giotto, 36 MILANO & CISF Via Giotto, 36 MILANO & EDIZIONI SAN PAOLO SRL,  Piazza Soncino, 5 CINISELLO BALSAMO (MI) -- ITALY